l'appart du 5e - Statistiques

Statistiques générales
  • Ce quiz a été pris 8 fois
  • Le résultat moyen est 18 sur 41
Statistiques - réponses
Hint Réponse % Correct
esprit vangeur Antoine
100%
tarzan Greg
100%
première fantoomologue Justine
100%
policiaire Marianne
100%
élu Theo
100%
jeune fille avec un talent pour les arts Vicky
100%
fantôme musicien Boogie Max
67%
fantôme qui hante un bbq Bruno
67%
maitre fantôme Gonzague
67%
meurtriere Lola
67%
voisin cave Ostiguy
67%
fantôme voleur Roger
67%
propriétaire Sandrine
67%
première blonde de Greg Soleil
67%
medium Victor
67%
prisonnier d'ultracoop Berthier
33%
blonde de Greg un peu folle Cynthia
33%
sœur de Vicky Sisi
33%
remplaçante de Gonzague Éléonore
33%
agente d'ultracoop qui ce fait passer pour un membre de l'appart Fausse Justine
33%
inspecteur lors du meurtre de Marianne Ferron
33%
preimere amour de Theo Florida
33%
chef de la SDF Grand Patron
33%
fantôme avec un trou de bal dans le frond Linus Cardinal
33%
prédit le tuer de Theo Loracle
33%
protéger élu Mathilde
33%
blonde de Greg tuer lors du poltergeist Nelly
33%
chef de FLF Onorius
33%
père de Justine Pierre Paul
33%
chef de ultracoop Pratt
33%
consierge Sansouci
33%
ami d'enfance de Greg Tristan
33%
voisine un peu mêler Valentine
33%
poltergeist Adeline
0%
bras droit de shimt Cowboys
0%
voisine trop prudente Mme Veilleux
0%
pere de Theo Mr. Langevin
0%
mere de Justine Nicole
0%
cousine de Vicky Rachelle
0%
fantôme fou Shimt
0%
grande inquisitrcie sofiana
0%
Aucun quiz correspondant
Distribution des résultats
% des personnes avec chaque résultat
Percentile par nombre de réponses
Votre historique - résultats
Vous n’avez pas pris ce quiz